000 02502cam a2200169 4500500
005 20260111092321.0
041 _afre
042 _adc
100 1 0 _aMattheeuws, Alain
_eauthor
245 0 0 _aStefani P. (éd.), I vangeli gnostici, coll. Biblia 8, Brescia, Morcelliana, 2011, 12x19, 289 p., 18,50 €. ISBN 978-88-372-2532-2
260 _c2013.
500 _a59
520 _aCet article propose des stratégies pastorales mettant en œuvre le message du deuxième Synode pour l’Afrique, tenu en 2009, relatives à la politique et à la bonne gouvernance. Il s’inscrit dans la démarche d’une théologie pratique qui s’attache à traduire la pensée synodale en pistes opérationnelles pour les laïcs appelés à s’engager dans la Cité ; ce sont eux qui constituent la grande majorité du peuple de Dieu. L’A. prône la mobilisation collective et une organisation efficace des forces vives de l’Église. À partir des nouvelles sciences et expériences de gestion des conflits, il cherche à articuler davantage la théologie spirituelle de la paix développée par le Synode avec le combat non-violent contre les injustices. Il termine par des propositions concrètes concernant l’engagement solidaire du clergé aux côtés des laïcs qui travaillent concrètement au renforcement de l’État de droit.
520 _aThis article proposes some pastoral strategies by putting into effect the message of the Second Synod for Africa, held in 2009, in relation to politics and good governance. It takes the approach of a practical theology which applies itself to translating the thought of the synod into operational ways of working for lay people called to commit themselves in the City. These are the ones who constitute the large majority of the people of God. The author supports the collective mobilisation and an effective organisation of the living forces of the Church. Starting from new sciences and experiences in conflict management, he seeks to articulate further the spiritual theology of peace developed by the Synod with non violent struggle against injustices. He concludes with concrete proposals concerning the committed support in solidarity of the clergy side by side with the laity who are working concretely to strengthen the rule of law.
786 0 _nNouvelle revue théologique | 135 | 1 | 2013-01-01 | p. 145k-145k | 0029-4845
856 4 1 _uhttps://shs.cairn.info/revue-nouvelle-revue-theologique-2013-1-page-145k?lang=fr&redirect-ssocas=7080
999 _c1623274
_d1623274